| 000 | 00852nam a2200229 4500 | ||
|---|---|---|---|
| 003 | OSt | ||
| 005 | 20180827094924.0 | ||
| 008 | 180825b xxu||||| |||| 00| 0 spa d | ||
| 020 | _a9505082835 | ||
| 040 | _cPJ | ||
| 100 |
_aAraya, Celestino R. _91885 |
||
| 245 | 1 | 0 |
_aTítulos circulatorios / _cCelestino R. Araya. |
| 260 |
_aBuenos Aires : _bAstrea, _c1989. |
||
| 300 |
_a398 p. _c23 cm. |
||
| 500 | _aNotas y citas a pie de página. | ||
| 504 | _aBibliografía: p. 395-398. | ||
| 505 | _aContenido: Derecho cambiario -- Reforma al régimen del cheque -- Acciones escriturales -- Bonods y promissory notes -- Documentos y títulos de legitimación -- Amparo internacional de la circulación. | ||
| 650 | 0 |
_91602 _aDERECHO COMERCIAL |
|
| 650 | 0 |
_91831 _aTITULOS DE CRÉDITO |
|
| 650 | 0 |
_91832 _aCHEQUE |
|
| 942 |
_2udc _cLIB _h347.745 _iARA |
||
| 999 |
_c1268 _d1268 |
||